000 00498nam a2200181Ia 4500
003 GCL
008 140319s9999 xx 000 0 ara d
040 _aGCL /
_cGCL
082 0 4 _a160
_bد ع
100 1 _aعزمى إسلام
245 1 0 _aدراسات فى المنطق /
_cعزمى إسلام
300 _a227
490 _a100 قصة
_v0
650 0 4 _aالمنطق
650 0 4 _aالمنطق الاستقرائى
650 0 4 _aالمنطق الرمزى والرياضى
942 _2ddc
_cBK
999 _c44183
_d44183